[Event "Titled Tuesday intern op 23rd Apr Late"]
[Site "Chess.com INT"]
[Date "2024.04.23"]
[Round "4"]
[White "Hommadov, Amanmuhammet"]
[Black "Drygalov, Andrey"]
[Result "1-0"]
[WhiteElo "2223"]
[BlackElo "2455"]
[PlyCount "204"]
[EventDate "2024.04.23"]
[EventType "swiss (blitz)"]
[EventRounds "11"]
[EventCountry "USA"]
[SourceTitle "CB18_2024"]
[SourceDate "2024.05.01"]
[SourceVersion "1"]
[SourceVersionDate "2024.05.01"]
[SourceQuality "2"]

1. e4 c5 2. Nf3 d6 3. c3 Nf6 4. h3 Nc6 5. Bd3 e5 6. Bc2 d5 7. exd5 Qxd5 8. 0-0 e4 9. Re1 Be7 10. Nh2 Bf5 11. Nf1 Qd7 12. Ng3 0-0 13. Nxf5 Qxf5 14. Qe2 Rfe8 15. Na3 Bf8 16. Nc4 Rad8 17. a4 h6 18. b3 Qg6 19. Ba3 b6 20. Rad1 Rd5 21. Qf1 Qh5 22. d3 exd3 23. Rxd3 Red8 24. Red1 Rxd3 25. Rxd3 Nd5 26. Bc1 Qh4 27. Qe2 g6 28. Qf3 Nce7 29. Ne5 f5 30. c4 Qf6 31. Bb2 Bg7 32. cxd5 Qg5 33. d6 Nc8 34. d7 Ne7 35. g3 h5 36. h4 Qh6 37. Kg2 g5 38. hxg5 Qxg5 39. Bc3 h4 40. Bd2 Qf6 41. Bf4 hxg3 42. Qxg3 Qe6 43. Bd1 Nd5 44. Rxd5 Qxd5+ 45. Bf3 Qe6 46. Qg5 Qf6 47. Qxf6 Bxf6 48. Bc6 Kf8 49. Kf3 Ke7 50. Ng6+ Kf7 51. Ne5+ Ke6 52. Nc4 Bd4 53. Bc7 Bf6 54. Bxd8 Bxd8 55. Ne3 Kd6 56. Bb5 Ke5 57. Ke2 Bc7 58. Kd3 f4 59. Nc4+ Kd5 60. Nd2 Bd8 61. Ne4 Be7 62. Nc3+ Ke5 63. f3 Bd8 64. Bc4 Kd6 65. Bb5 Ke5 66. Ba6 Kd6 67. Bc8 Ke5 68. Nb5 a5 69. Na7 Kd6 70. Ke4 Bg5 71. Kf5 Bd8 72. Kxf4 Kd5 73. Ke3 Kd6 74. f4 Kc7 75. Ke4 Kd6 76. f5 Bf6 77. Nb5+ Kc6 78. Na3 Bd8 79. Nc4 Bf6 80. Ne3 Kd6 81. Nd5 Bd8 82. f6 Ke6 83. Ne7 Kxf6 84. Nc6 Bc7 85. d8Q+ Bxd8 86. Nxd8 Ke7 87. Nc6+ Kd6 88. Bb7 Kc7 89. Ba8 Kd6 90. Kd3 Kc7 91. Kc4 Kd7 92. Kb5 Kc7 93. Ne5 Kb8 94. Bf3 c4 95. bxc4 Kc7 96. Ng4 Kb8 97. Kxb6 Kc8 98. c5 Kb8 99. c6 Kc8 100. Ne5 Kd8 101. c7+ Ke7 102. c8Q Kf6 1-0

[Event "Titled Tuesday intern op 16th Apr Late"]
[Site "Chess.com INT"]
[Date "2024.04.16"]
[Round "7"]
[White "Hommadov, Amanmuhammet"]
[Black "Ruperez Benito, Antonio"]
[Result "1-0"]
[WhiteElo "2223"]
[BlackElo "2333"]
[PlyCount "75"]
[EventDate "2024.04.16"]
[EventType "swiss (blitz)"]
[EventRounds "11"]
[EventCountry "USA"]
[SourceTitle "CB17_2024"]
[SourceDate "2024.04.24"]
[SourceVersion "1"]
[SourceVersionDate "2024.04.24"]
[SourceQuality "1"]

1. e4 e6 2. d4 d5 3. e5 c5 4. c3 Nc6 5. Nf3 Qb6 6. a3 Nh6 7. b4 cxd4 8. cxd4 Nf5 9. Bb2 Be7 10. Bd3 Bd7 11. Bxf5 exf5 12. Nc3 Be6 13. 0-0 0-0 14. Rc1 f4 15. h3 Qd8 16. Na4 Bf5 17. Nc5 Bxc5 18. Rxc5 g5 19. Qd2 Rc8 20. Rfc1 h6 21. b5 Ne7 22. a4 b6 23. Rxc8 Bxc8 24. Ba3 Re8 25. Qc3 Bf5 26. Qc7 Qa8 27. Qd6 Ng6 28. Rc7 a6 29. Qxb6 axb5 30. Ra7 Qc8 31. axb5 Be4 32. Qf6 Nh8 33. Qc6 Bxf3 34. Qxc8 Rxc8 35. gxf3 Ng6 36. b6 Rb8 37. b7 Kh7 38. Bd6 1-0

[Event "Titled Tuesday intern op 16th Apr Late"]
[Site "Chess.com INT"]
[Date "2024.04.16"]
[Round "5"]
[White "Hommadov, Amanmuhammet"]
[Black "Shapiro, Viktor"]
[Result "1-0"]
[WhiteElo "2223"]
[BlackElo "2113"]
[PlyCount "83"]
[EventDate "2024.04.16"]
[EventType "swiss (blitz)"]
[EventRounds "11"]
[EventCountry "USA"]
[SourceTitle "CB17_2024"]
[SourceDate "2024.04.24"]
[SourceVersion "1"]
[SourceVersionDate "2024.04.24"]
[SourceQuality "1"]

1. e4 Nf6 2. e5 Nd5 3. Nc3 Nb6 4. Nf3 d6 5. d4 Bg4 6. h3 Bh5 7. Bd3 e6 8. Bf4 d5 9. Ne2 c5 10. c3 Nc6 11. a3 Rc8 12. Be3 cxd4 13. cxd4 Be7 14. Nf4 Bg6 15. Nxg6 hxg6 16. 0-0 Na5 17. Bb5+ Kf8 18. Bd3 Nac4 19. Bc1 Nd7 20. b3 Ncb6 21. Bd2 Nb8 22. Qe2 Nc6 23. Rfc1 g5 24. b4 g6 25. b5 Nb8 26. Rxc8 Nxc8 27. a4 Kg7 28. Qe1 Nb6 29. Qc1 Rh5 30. a5 N6d7 31. Ra2 a6 32. bxa6 Nxa6 33. Rc2 Nb4 34. Rc8 Qxa5 35. Bb1 Nb6 36. Rc7 Bd8 37. Rxb7 Qa6 38. Rb8 Be7 39. Qc7 Qa1 40. Qxe7 Qxb1+ 41. Kh2 Qf5 42. Qf8+ 1-0

[Event "Titled Tuesday intern op 26th Sep Early"]
[Site "Chess.com INT"]
[Date "2023.09.26"]
[Round "3"]
[White "Bychkov, Vladimir"]
[Black "Hommadov, Amanmuhammet"]
[Result "0-1"]
[WhiteElo "2216"]
[BlackElo "2070"]
[PlyCount "48"]
[EventDate "2023.09.26"]
[EventType "swiss (blitz)"]
[EventRounds "11"]
[EventCountry "USA"]
[SourceTitle "EXT 2024"]
[Source "ChessBase"]
[SourceDate "2023.10.10"]
[SourceVersion "1"]
[SourceVersionDate "2023.10.10"]
[SourceQuality "1"]

1. c4 Nf6 2. Nc3 g6 3. e4 d6 4. d4 Bg7 5. Be2 0-0 6. h4 h5 7. Nh3 e5 8. Be3 Nc6 9. dxe5 dxe5 10. Ng5 Nd4 11. f3 c6 12. Qd2 Qe7 13. 0-0-0 Rd8 14. Qe1 a5 15. Qf2 a4 16. g4 a3 17. b3 Qb4 18. Nb1 Nxb3+ 19. axb3 Rxd1+ 20. Rxd1 a2 21. Rd8+ Bf8 22. Bc5 axb1Q+ 23. Kxb1 Qxb3+ 24. Kc1 Qc3+ 0-1

[Event "Titled Tuesday intern op 26th Sep Late"]
[Site "Chess.com INT"]
[Date "2023.09.26"]
[Round "9"]
[White "Hommadov, Amanmuhammet"]
[Black "Bryakin, Mikhail"]
[Result "0-1"]
[WhiteElo "2070"]
[BlackElo "2481"]
[PlyCount "122"]
[EventDate "2023.09.26"]
[EventType "swiss (blitz)"]
[EventRounds "11"]
[EventCountry "USA"]
[SourceTitle "EXT 2024"]
[Source "ChessBase"]
[SourceDate "2023.10.10"]
[SourceVersion "1"]
[SourceVersionDate "2023.10.10"]
[SourceQuality "1"]

1. e4 d5 2. exd5 Qxd5 3. Nc3 Qe5+ 4. Be2 Bg4 5. d4 Bxe2 6. Ngxe2 Qa5 7. b4 Qh5 8. Qd3 Nf6 9. Nf4 Qg4 10. 0-0 Nc6 11. d5 Nd8 12. Nb5 Qd7 13. c4 c6 14. Nc3 cxd5 15. cxd5 e5 16. dxe6 Nxe6 17. Qxd7+ Nxd7 18. Nxe6 fxe6 19. a3 Rc8 20. Bb2 Nf6 21. Rfe1 Kf7 22. Rad1 Be7 23. Nb5 a6 24. Nd4 Rhd8 25. Nf3 Rxd1 26. Rxd1 h6 27. Kf1 Rc2 28. Rd2 Rc7 29. Rd1 Nd5 30. Rc1 Rxc1+ 31. Bxc1 Bf6 32. Ke2 Ke7 33. Kd3 Kd6 34. Nd2 Kc6 35. Ne4 Be7 36. g3 Kb5 37. h4 Ka4 38. h5 b6 39. f4 Kb3 40. g4 a5 41. bxa5 bxa5 42. a4 Kxa4 43. g5 Kb3 44. Ng3 a4 45. gxh6 gxh6 46. f5 Bg5 47. Bxg5 hxg5 48. h6 Nf6 49. Ne4 a3 50. Nxf6 a2 51. h7 a1Q 52. h8Q Qc3+ 53. Ke4 Qc4+ 54. Ke3 Qf4+ 55. Ke2 Qe5+ 56. Kd1 Qd4+ 57. Ke2 Qe5+ 58. Kd1 exf5 59. Qg8+ Kc3 60. Qd8 Qh2 61. Nd5+ Kd4 0-1

[Event "Titled Tuesday intern op 26th Sep Early"]
[Site "Chess.com INT"]
[Date "2023.09.26"]
[Round "7"]
[White "Hommadov, Amanmuhammet"]
[Black "Hrebenshchykova, Yelyzaveta"]
[Result "1-0"]
[WhiteElo "2070"]
[BlackElo "2324"]
[PlyCount "127"]
[EventDate "2023.09.26"]
[EventType "swiss (blitz)"]
[EventRounds "11"]
[EventCountry "USA"]
[SourceTitle "EXT 2024"]
[Source "ChessBase"]
[SourceDate "2023.10.10"]
[SourceVersion "1"]
[SourceVersionDate "2023.10.10"]
[SourceQuality "1"]

1. e4 e5 2. Nf3 Nc6 3. Bb5 a6 4. Ba4 Nf6 5. 0-0 Be7 6. Re1 d6 7. d4 Bd7 8. Nc3 exd4 9. Nxd4 Nxd4 10. Qxd4 0-0 11. Bb3 b5 12. a3 c5 13. Qd1 c4 14. Ba2 Be6 15. Bf4 Rc8 16. Qf3 Re8 17. Rad1 Qb6 18. h3 Bf8 19. Ne2 Nd7 20. c3 Nc5 21. Bb1 g6 22. Nd4 Bd7 23. Qg3 Rcd8 24. Nf3 Bc8 25. Qh4 Bb7 26. Ng5 h6 27. Nf3 Bxe4 28. Bxh6 Bxh6 29. Qxh6 Bxf3 30. gxf3 Rxe1+ 31. Rxe1 Nd3 32. Bxd3 cxd3 33. Qe3 Qxe3 34. fxe3 Re8 35. Kf2 Re5 36. Rd1 Rh5 37. Kg3 Rg5+ 38. Kh2 Rf5 39. f4 g5 40. Kg3 gxf4+ 41. exf4 Rd5 42. Kf3 Kg7 43. Ke4 Rh5 44. Rxd3 d5+ 45. Rxd5 Rxh3 46. Rd2 Kf6 47. Kd5 Rf3 48. Kc5 Rxf4 49. Kb6 Kg5 50. Kxa6 f5 51. Kxb5 Rf1 52. a4 f4 53. a5 f3 54. Rd8 f2 55. Rf8 Kg4 56. b4 Kg3 57. a6 Ra1 58. Kb6 f1Q 59. Rxf1 Rxf1 60. b5 Kf4 61. a7 Ra1 62. Kb7 Ke5 63. a8Q Rxa8 64. Kxa8 1-0

[Event "Titled Tuesday intern op 26th Sep Early"]
[Site "Chess.com INT"]
[Date "2023.09.26"]
[Round "2"]
[White "Hommadov, Amanmuhammet"]
[Black "Kazakouski, Valery"]
[Result "0-1"]
[WhiteElo "2070"]
[BlackElo "2558"]
[PlyCount "88"]
[EventDate "2023.09.26"]
[EventType "swiss (blitz)"]
[EventRounds "11"]
[EventCountry "USA"]
[SourceTitle "EXT 2024"]
[Source "ChessBase"]
[SourceDate "2023.10.10"]
[SourceVersion "1"]
[SourceVersionDate "2023.10.10"]
[SourceQuality "1"]

1. e4 c5 2. Nf3 a6 3. Be2 b5 4. 0-0 Bb7 5. d3 g6 6. a4 Bg7 7. c3 Nc6 8. Qc2 Nf6 9. Na3 b4 10. Nc4 d5 11. exd5 Nxd5 12. Bd2 0-0 13. a5 Rc8 14. Rfe1 Qc7 15. Bf1 Rfd8 16. h3 h6 17. Re4 e6 18. Ree1 Rd7 19. Re2 bxc3 20. bxc3 Ncb4 21. Qb1 Nxc3 22. Bxc3 Bxc3 23. Ra3 Bxf3 24. gxf3 Rxd3 25. Rxe6 Rxf3 26. Bg2 Rd3 27. Re2 Rcd8 28. Ne3 Qf4 29. Nd5 R3xd5 30. Bxd5 Nxd5 31. Qd3 Qc1+ 32. Kh2 Qxa3 33. Qxa6 Qxa5 34. Qb7 Qc7+ 35. Qxc7 Nxc7 36. Re3 Bd4 37. Rf3 c4 38. Kg2 c3 39. Kf1 c2 40. Ke2 c1Q 41. Kd3 Bg7+ 42. Ke2 Qd1+ 43. Ke3 Qd2+ 44. Ke4 Qd4# 0-1

[Event "Titled Tuesday intern op 26th Sep Late"]
[Site "Chess.com INT"]
[Date "2023.09.26"]
[Round "8"]
[White "Hommadov, Amanmuhammet"]
[Black "Lalanne, Pablo"]
[Result "1-0"]
[WhiteElo "2070"]
[BlackElo "2208"]
[PlyCount "133"]
[EventDate "2023.09.26"]
[EventType "swiss (blitz)"]
[EventRounds "11"]
[EventCountry "USA"]
[SourceTitle "EXT 2024"]
[Source "ChessBase"]
[SourceDate "2023.10.10"]
[SourceVersion "1"]
[SourceVersionDate "2023.10.10"]
[SourceQuality "1"]

1. e4 c5 2. Nf3 d6 3. d4 cxd4 4. Nxd4 Nf6 5. Nc3 a6 6. Bg5 e6 7. f4 Nbd7 8. Qf3 Qc7 9. 0-0-0 b5 10. Bd3 Bb7 11. Rhe1 Qb6 12. Nd5 Qxd4 13. Bxf6 gxf6 14. Bxb5 Qc5 15. b4 Qxb5 16. Nc7+ Ke7 17. Nxb5 axb5 18. Qd3 Ra6 19. Qxb5 Rb6 20. Qd3 Bh6 21. g3 Ra8 22. a3 Ba6 23. Qe3 Rc8 24. Rd2 Rbc6 25. a4 Rc3 26. Qa7 Bd3 27. Kb2 Rxc2+ 28. Rxc2 Rxc2+ 29. Kb3 f5 30. exf5 Bg7 31. fxe6 Rc3+ 32. Ka2 Rc2+ 33. Ka3 Rc3+ 34. Ka2 fxe6 35. Rd1 Rc2+ 36. Kb3 Rc3+ 37. Ka2 Bc4+ 38. Kb1 Rb3+ 39. Kc2 Rb2+ 40. Kc1 Rxb4 41. Qc7 Bd5 42. Rxd5 exd5 43. Qa7 d4 44. a5 d3 45. Kd2 Rb2+ 46. Kxd3 Rxh2 47. a6 Ra2 48. Qb7 Ra3+ 49. Ke2 Ra2+ 50. Kf3 Kd8 51. a7 Ra3+ 52. Kg2 Ra2+ 53. Kh3 Bd4 54. a8Q+ Rxa8 55. Qxa8+ Ke7 56. Qe4+ Be5 57. Qxh7+ Ke6 58. fxe5 dxe5 59. Qg6+ Nf6 60. g4 Ke7 61. g5 Nd5 62. Qf5 Nf4+ 63. Kh2 Kd6 64. g6 Ne6 65. Qf6 Kd5 66. Qf7 e4 67. g7 1-0

[Event "Titled Tuesday intern op 26th Sep Late"]
[Site "Chess.com INT"]
[Date "2023.09.26"]
[Round "2"]
[White "Kamsky, Gata"]
[Black "Hommadov, Amanmuhammet"]
[Result "1-0"]
[WhiteElo "2641"]
[BlackElo "2070"]
[PlyCount "91"]
[EventDate "2023.09.26"]
[EventType "swiss (blitz)"]
[EventRounds "11"]
[EventCountry "USA"]
[SourceTitle "EXT 2024"]
[Source "ChessBase"]
[SourceDate "2023.10.10"]
[SourceVersion "1"]
[SourceVersionDate "2023.10.10"]
[SourceQuality "1"]

1. d4 Nf6 2. Bf4 g6 3. c3 Bg7 4. Nf3 0-0 5. h3 d6 6. e3 Nfd7 7. e4 e5 8. dxe5 dxe5 9. Bg5 f6 10. Be3 Qe7 11. Na3 Nb6 12. b4 Rd8 13. Qc2 Be6 14. Be2 a5 15. Bc5 Qf7 16. Nb5 axb4 17. cxb4 Nc6 18. 0-0 Na4 19. a3 Bh6 20. Be3 Bxe3 21. fxe3 Bb3 22. Qc1 Nb6 23. Nd2 Be6 24. Qc2 Rd7 25. Rf2 Nxb4 26. Qc3 Nc6 27. Raf1 Rad8 28. Rxf6 Qe7 29. Nb3 Kg7 30. Nc5 Qxf6 31. Rxf6 Kxf6 32. Nxd7+ Rxd7 33. Bg4 Bxg4 34. hxg4 Kg5 35. Qc5 Kh4 36. Kh2 Kxg4 37. Nc3 h5 38. a4 h4 39. a5 Nc8 40. Qf8 Nd6 41. Nd5 Rf7 42. Qh6 g5 43. Qe6+ Kh5 44. Nf6+ Kg6 45. Ne8+ Rf6 46. Qxf6+ 1-0

[Event "Titled Tuesday intern op 26th Sep Early"]
[Site "Chess.com INT"]
[Date "2023.09.26"]
[Round "1"]
[White "Pourkashiyan, Atousa"]
[Black "Hommadov, Amanmuhammet"]
[Result "0-1"]
[WhiteElo "2288"]
[BlackElo "2070"]
[PlyCount "58"]
[EventDate "2023.09.26"]
[EventType "swiss (blitz)"]
[EventRounds "11"]
[EventCountry "USA"]
[SourceTitle "EXT 2024"]
[Source "ChessBase"]
[SourceDate "2023.10.10"]
[SourceVersion "1"]
[SourceVersionDate "2023.10.10"]
[SourceQuality "1"]

1. e4 c5 2. Nf3 Nc6 3. Bb5 e6 4. 0-0 Nge7 5. Re1 a6 6. Bf1 d5 7. e5 Ng6 8. c3 d4 9. d3 Be7 10. Nbd2 b5 11. a4 Bb7 12. cxd4 Nxd4 13. Nxd4 Qxd4 14. Nf3 Qd5 15. axb5 axb5 16. Rxa8+ Bxa8 17. d4 c4 18. Bg5 0-0 19. Bxe7 Nxe7 20. Ng5 Nf5 21. Qh5 h6 22. Ne4 Qxd4 23. Qg4 Bxe4 24. Rxe4 Qxb2 25. Qh5 Rd8 26. g4 Ne7 27. g5 Rd4 28. Re3 Rf4 29. gxh6 Qxf2+ 0-1

[Event "Titled Tuesday intern op 26th Sep Early"]
[Site "Chess.com INT"]
[Date "2023.09.26"]
[Round "11"]
[White "Weetik, Vjacheslav"]
[Black "Hommadov, Amanmuhammet"]
[Result "1-0"]
[WhiteElo "2423"]
[BlackElo "2070"]
[PlyCount "27"]
[EventDate "2023.09.26"]
[EventType "swiss (blitz)"]
[EventRounds "11"]
[EventCountry "USA"]
[SourceTitle "EXT 2024"]
[Source "ChessBase"]
[SourceDate "2023.10.10"]
[SourceVersion "1"]
[SourceVersionDate "2023.10.10"]
[SourceQuality "1"]

1. e4 c5 2. d4 cxd4 3. c3 dxc3 4. Nxc3 Nc6 5. Nf3 d6 6. Bc4 e6 7. 0-0 Nf6 8. Qe2 Be7 9. Rd1 e5 10. Bb5 Bd7 11. Bg5 Bg4 12. Qc4 Rc8 13. Nxe5 Bxd1 14. Qxf7# 1-0

[Event "Titled Tuesday intern op 26th Sep Early"]
[Site "Chess.com INT"]
[Date "2023.09.26"]
[Round "8"]
[White "Yarullina, Alina"]
[Black "Hommadov, Amanmuhammet"]
[Result "0-1"]
[WhiteElo "2084"]
[BlackElo "2070"]
[PlyCount "40"]
[EventDate "2023.09.26"]
[EventType "swiss (blitz)"]
[EventRounds "11"]
[EventCountry "USA"]
[SourceTitle "EXT 2024"]
[Source "ChessBase"]
[SourceDate "2023.10.10"]
[SourceVersion "1"]
[SourceVersionDate "2023.10.10"]
[SourceQuality "1"]

1. e4 c5 2. Nf3 Nc6 3. d4 cxd4 4. Nxd4 g6 5. c4 Nf6 6. Nc3 d6 7. Be3 Ng4 8. Bg5 Qb6 9. f3 Nxd4 10. fxg4 Qxb2 11. Rc1 Bg7 12. Nd5 0-0 13. Nxe7+ Kh8 14. Qd2 Qxd2+ 15. Kxd2 Bxg4 16. h3 Be6 17. Nd5 Bxd5 18. cxd5 Rfc8 19. Bd3 Kg8 20. Be7 Bh6+ 0-1

[Event "Titled Tuesday intern op 19th Sep Late"]
[Site "Chess.com INT"]
[Date "2023.09.19"]
[Round "7"]
[White "Holt, Conrad"]
[Black "Hommadov, Amanmuhammet"]
[Result "1-0"]
[WhiteElo "2540"]
[BlackElo "2070"]
[PlyCount "49"]
[EventDate "2023.09.19"]
[EventType "swiss (blitz)"]
[EventRounds "11"]
[EventCountry "USA"]
[SourceTitle "EXT 2024"]
[Source "ChessBase"]
[SourceDate "2023.10.10"]
[SourceVersion "1"]
[SourceVersionDate "2023.10.10"]
[SourceQuality "1"]

1. d4 Nf6 2. c4 g6 3. Nc3 Bg7 4. e4 d6 5. Nf3 0-0 6. h3 e5 7. dxe5 dxe5 8. Qxd8 Rxd8 9. Bg5 Re8 10. Nd5 Nxd5 11. cxd5 c6 12. Bc4 cxd5 13. Bxd5 Nd7 14. Nd2 Nf6 15. Bb3 Be6 16. Ke2 Rad8 17. Rhc1 Rd7 18. Bxe6 Rxe6 19. Rc8+ Re8 20. Rac1 Kf8 21. Rxe8+ Kxe8 22. Rc5 Re7 23. Nc4 b6 24. Rc6 Kd7 25. Bxf6 1-0

[Event "Titled Tuesday intern op 19th Sep Late"]
[Site "Chess.com INT"]
[Date "2023.09.19"]
[Round "1"]
[White "Hommadov, Amanmuhammet"]
[Black "Cueto, Jose"]
[Result "1-0"]
[WhiteElo "2070"]
[BlackElo "2117"]
[PlyCount "77"]
[EventDate "2023.09.19"]
[EventType "swiss (blitz)"]
[EventRounds "11"]
[EventCountry "USA"]
[SourceTitle "EXT 2024"]
[Source "ChessBase"]
[SourceDate "2023.10.10"]
[SourceVersion "1"]
[SourceVersionDate "2023.10.10"]
[SourceQuality "1"]

1. e4 e6 2. d4 d5 3. e5 c5 4. c3 Nc6 5. Nf3 Nh6 6. Bd3 Nf5 7. Bxf5 exf5 8. Be3 Qb6 9. Qd2 h6 10. h4 Be6 11. a3 Na5 12. dxc5 Qc7 13. Nd4 Nc4 14. Qe2 Qxe5 15. b4 Be7 16. Bc1 Qxe2+ 17. Kxe2 Bf6 18. Nd2 0-0 19. N2f3 Rfe8 20. Kd3 g6 21. Bxh6 Kh7 22. Bg5 Kg7 23. Bxf6+ Kxf6 24. Rae1 Nxa3 25. h5 g5 26. h6 Nc4 27. h7 Rh8 28. Nxe6 fxe6 29. Rh6+ Kg7 30. Rexe6 Rxh7 31. Reg6+ Kh8 32. Nxg5 Rxh6 33. Rxh6+ Kg8 34. Rg6+ Kh8 35. Rf6 Re8 36. Rxf5 Re1 37. Rxd5 Ne5+ 38. Kd2 Re4 39. Nxe4 1-0

[Event "Titled Tuesday intern op 19th Sep Early"]
[Site "Chess.com INT"]
[Date "2023.09.19"]
[Round "1"]
[White "Hommadov, Amanmuhammet"]
[Black "Sanal, Vahap"]
[Result "0-1"]
[WhiteElo "2070"]
[BlackElo "2603"]
[PlyCount "184"]
[EventDate "2023.09.19"]
[EventType "swiss (blitz)"]
[EventRounds "11"]
[EventCountry "USA"]
[SourceTitle "EXT 2024"]
[Source "ChessBase"]
[SourceDate "2023.10.10"]
[SourceVersion "1"]
[SourceVersionDate "2023.10.10"]
[SourceQuality "1"]

1. e4 d6 2. d4 Nf6 3. Nc3 e5 4. dxe5 dxe5 5. Qxd8+ Kxd8 6. Bc4 Ke8 7. Nge2 c6 8. a4 a5 9. f3 Bc5 10. Bg5 Nbd7 11. Rd1 h6 12. Bh4 g5 13. Bf2 Bxf2+ 14. Kxf2 Nc5 15. Ke3 Ke7 16. b3 Nh5 17. g3 Ng7 18. Nb1 f5 19. Na3 f4+ 20. Kf2 Rf8 21. gxf4 exf4 22. Nd4 Bh3 23. Be2 Nge6 24. Nc4 Nxd4 25. Rxd4 Ne6 26. Rd2 Rfd8 27. Rhd1 Rxd2 28. Rxd2 Nc5 29. Nb6 Rg8 30. Nc4 g4 31. Nxa5 g3+ 32. Kg1 h5 33. Nc4 h4 34. Ne5 Bc8 35. Nd3 Ne6 36. c3 h3 37. Bf1 Ng5 38. Be2 Rd8 39. Rd1 Ne6 40. b4 Rg8 41. Bf1 Ng5 42. Be2 Ne6 43. Bf1 Rh8 44. Ne5 Kf6 45. Nd3 Ng5 46. Be2 Rh4 47. a5 Nf7 48. Bf1 Be6 49. Nc5 Ne5 50. Be2 Bc4 51. Nd7+ Nxd7 52. Bxc4 Ne5 53. Be2 Rh8 54. c4 Rg8 55. b5 gxh2+ 56. Kxh2 Rg2+ 57. Kxh3 Rxe2 58. Ra1 Nxf3 59. Kg4 Ne5+ 60. Kxf4 cxb5 61. cxb5 Rf2+ 62. Kg3 Rf3+ 63. Kg2 Rd3 64. a6 bxa6 65. bxa6 Rd8 66. a7 Ra8 67. Kg3 Ke6 68. Kf4 Nc6 69. Ra6 Kd7 70. e5 Kc7 71. Kf5 Kb7 72. Ra2 Rf8+ 73. Ke6 Nxa7 74. Ke7 Rh8 75. e6 Nc6+ 76. Kf6 Rh6+ 77. Kf5 Nd4+ 78. Ke5 Nxe6 79. Rd2 Nc7 80. Rd6 Rh1 81. Ke4 Nb5 82. Rd5 Kc6 83. Rg5 Nd6+ 84. Kf3 Nc4 85. Ke4 Rh4+ 86. Kd3 Kd6 87. Rf5 Ne5+ 88. Kc3 Kd5 89. Rg5 Rh3+ 90. Kc2 Kd4 91. Kd2 Nf3+ 92. Ke2 Nxg5 0-1

[Event "Wch U18 blitz"]
[Site "Batumi"]
[Date "2023.06.11"]
[Round "9"]
[White "Grebnev, Aleksey"]
[Black "Hommadov, Amanmuhammet"]
[Result "1-0"]
[WhiteElo "2419"]
[BlackElo "2324"]
[PlyCount "79"]
[EventDate "2023.06.10"]
[EventType "swiss (blitz)"]
[EventRounds "11"]
[EventCountry "GEO"]
[SourceTitle "EXT 2024"]
[Source "ChessBase"]
[SourceDate "2023.10.10"]
[SourceVersion "1"]
[SourceVersionDate "2023.10.10"]
[SourceQuality "1"]
[WhiteTeam "Russia"]
[BlackTeam "Turkmenistan"]
[WhiteTeamCountry "RUS"]
[BlackTeamCountry "TKM"]

1. c4 Nf6 2. Nc3 g6 3. e4 d6 4. d4 Bg7 5. Be2 0-0 6. Be3 Nc6 7. d5 Ne5 8. h3 e6 9. Nf3 Nxf3+ 10. Bxf3 exd5 11. cxd5 Bd7 12. 0-0 Re8 13. Re1 c5 14. dxc6 Bxc6 15. Bf4 Qa5 16. Bxd6 Rad8 17. e5 Nd7 18. Bxc6 bxc6 19. f4 Nxe5 20. fxe5 Bxe5 21. Ne4 Qb6+ 22. Kh1 f5 23. Qc2 fxe4 24. Qc4+ Kg7 25. Bxe5+ Rxe5 26. Rxe4 Rxe4 27. Qxe4 Qxb2 28. Rf1 Qd4 29. Qxc6 Rd7 30. Qe6 Rc7 31. Qe8 Qd6 32. Qe3 Re7 33. Qc3+ Qe5 34. Qc8 Re8 35. Qb7+ Re7 36. Qa8 Re8 37. Qxa7+ Re7 38. Qf2 h5 39. a4 Qc3 40. Qf8+ 1-0

[Event "Wch U18 blitz"]
[Site "Batumi"]
[Date "2023.06.10"]
[Round "1"]
[White "Hommadov, Amanmuhammet"]
[Black "Badacsonyi, Frankie"]
[Result "1/2-1/2"]
[WhiteElo "2324"]
[BlackElo "1955"]
[PlyCount "106"]
[EventDate "2023.06.10"]
[EventType "swiss (blitz)"]
[EventRounds "11"]
[EventCountry "GEO"]
[SourceTitle "EXT 2024"]
[Source "ChessBase"]
[SourceDate "2023.10.10"]
[SourceVersion "1"]
[SourceVersionDate "2023.10.10"]
[SourceQuality "1"]
[WhiteTeam "Turkmenistan"]
[BlackTeam "England"]
[WhiteTeamCountry "TKM"]
[BlackTeamCountry "ENG"]

1. e4 c6 2. d4 d5 3. e5 Bf5 4. Nd2 e6 5. Nb3 Nd7 6. Nf3 a6 7. Be2 c5 8. dxc5 Nxc5 9. Be3 Rc8 10. Rc1 Nxb3 11. axb3 Ne7 12. 0-0 Nc6 13. c4 dxc4 14. bxc4 Be7 15. Qd4 Qxd4 16. Bxd4 Rd8 17. Bb6 Rc8 18. Rfd1 Bg4 19. h3 Bh5 20. Rc3 Bd8 21. Rb3 Bxb6 22. Rxb6 Rc7 23. b4 Ke7 24. c5 Rd8 25. Rd6 f6 26. g4 Bg6 27. exf6+ gxf6 28. Rxd8 Kxd8 29. Bc4 Ke7 30. Ne1 Be4 31. f3 Bd5 32. Bxd5 exd5 33. Nd3 Ne5 34. Nxe5 fxe5 35. Rh6 Kf8 36. Kf2 Re7 37. Ke3 Kg7 38. Rd6 d4+ 39. Ke4 Kf7 40. Rh6 Kg7 41. Rd6 Kf7 42. h4 Kg7 43. g5 Kf7 44. h5 Kg7 45. f4 exf4+ 46. Kxf4 Rc7 47. Rxd4 a5 48. bxa5 Rxc5 49. Rd7+ Kg8 50. Rd8+ Kg7 51. Rd7+ Kg8 52. Rd8+ Kg7 53. Rd7+ Kg8 1/2-1/2

[Event "Wch U18 blitz"]
[Site "Batumi"]
[Date "2023.06.10"]
[Round "4"]
[White "Siniauski, Artsiom"]
[Black "Hommadov, Amanmuhammet"]
[Result "1-0"]
[WhiteElo "2065"]
[BlackElo "2324"]
[PlyCount "83"]
[EventDate "2023.06.10"]
[EventType "swiss (blitz)"]
[EventRounds "11"]
[EventCountry "GEO"]
[SourceTitle "EXT 2024"]
[Source "ChessBase"]
[SourceDate "2023.10.10"]
[SourceVersion "1"]
[SourceVersionDate "2023.10.10"]
[SourceQuality "1"]
[WhiteTeam "FIDE"]
[BlackTeam "Turkmenistan"]
[BlackTeamCountry "TKM"]

1. e4 c5 2. Nf3 Nc6 3. Bb5 e6 4. Bxc6 bxc6 5. d3 Ne7 6. h4 h5 7. Qe2 Ng6 8. e5 f6 9. Nbd2 Qc7 10. Nc4 Ba6 11. Qe4 Kf7 12. Bf4 Nxf4 13. Qxf4 Rh6 14. 0-0-0 Rg6 15. Nd6+ Bxd6 16. exd6 Qa5 17. Ne5+ Kg8 18. Nxg6 Qxa2 19. Ne7+ Kf7 20. Kd2 Qxb2 21. Rb1 Qd4 22. Qxd4 cxd4 23. f3 Bb5 24. g4 Rh8 25. Rhg1 a6 26. Rg2 hxg4 27. Rxg4 f5 28. Rg2 Rxh4 29. Rbg1 Rh7 30. Ng6 c5 31. Ne5+ Kf8 32. f4 Kg8 33. Kc1 Kf8 34. Kb2 Kg8 35. c3 dxc3+ 36. Kxc3 Kf8 37. d4 c4 38. Kb4 Kg8 39. Rg3 Kf8 40. Kc5 Kg8 41. Kb6 c3 42. Rxc3 1-0

[Event "Wch U18 rapid"]
[Site "Batumi"]
[Date "2023.06.06"]
[Round "1"]
[White "Datiashvili, Nikoloz"]
[Black "Hommadov, Amanmuhammet"]
[Result "0-1"]
[WhiteElo "1596"]
[BlackElo "2190"]
[PlyCount "88"]
[EventDate "2023.06.06"]
[EventType "swiss (rapid)"]
[EventRounds "11"]
[EventCountry "GEO"]
[SourceTitle "CBM 214 Extra"]
[Source "ChessBase"]
[SourceDate "2023.07.31"]
[SourceVersion "1"]
[SourceVersionDate "2023.07.31"]
[SourceQuality "1"]

1. e4 c5 2. Nf3 Nc6 3. d4 cxd4 4. Nxd4 g6 5. Nc3 Bg7 6. Be3 Nf6 7. Nxc6 bxc6 8. e5 Nd5 9. Nxd5 cxd5 10. Qxd5 Rb8 11. 0-0-0 Bb7 12. Qd4 0-0 13. Bc4 d6 14. f4 Qc7 15. Bb3 a5 16. Rhe1 dxe5 17. Qd7 Qxd7 18. Rxd7 Bc6 19. Ra7 a4 20. Bxa4 Bxa4 21. Rxa4 exf4 22. Bd4 Bh6 23. Kb1 Rfe8 24. Be5 Ra8 25. Rae4 f5 26. Rd4 Rad8 27. Red1 Rxd4 28. Rxd4 g5 29. h4 gxh4 30. b4 Kf7 31. Rc4 Rg8 32. Bxf4 Rg4 33. Rc6 Bxf4 34. b5 Rxg2 35. a4 h3 36. Rc3 h2 37. Rh3 Rg1+ 38. Ka2 h1Q 39. Rxh1 Rxh1 40. a5 Rh3 41. a6 Bd6 42. Kb2 Bc5 43. c3 Ke6 44. Kb3 Kd5 0-1